Principy zvyšujúci úspěšnost dárcovství u občanských sdružení

Analýza využívania princípov projektového riadenia pri získavaní voľných zdrojov v neziskových organizáciách. Významné faktory získavania finančných prostriedkov zvyšujúcich úspešnosť darcovstva ako samostatnej kategórie, ktoré se vzájomne dopĺňajú a umožňujú neziskovým organizáciám zvýšit úspešnosť...

Descrizione completa

Salvato in:
Dettagli Bibliografici
Autore principale: Čapková, Barbora
Natura: Capitolo di libro
Lingua:ceco
Soggetti:
Tags: Aggiungi Tag
Nessun Tag, puoi essere il primo ad aggiungerne!!

MARC

LEADER 00000nla a2200000 4500
001 0166576
005 20221104125919.9
041 0 |a cze 
044 |a CZ 
245 1 0 |a Principy zvyšujúci úspěšnost dárcovství u občanských sdružení  |c Barbora Čapková 
520 |a Analýza využívania princípov projektového riadenia pri získavaní voľných zdrojov v neziskových organizáciách. Významné faktory získavania finančných prostriedkov zvyšujúcich úspešnosť darcovstva ako samostatnej kategórie, ktoré se vzájomne dopĺňajú a umožňujú neziskovým organizáciám zvýšit úspešnosť darcovstva. 
610 2 0 |a organizácie neziskové 
610 2 0 |a združenia 
610 2 0 |a zdroje finančné 
610 2 0 |a financovanie projektové 
610 2 0 |a projekty 
610 2 0 |a sponzorovanie 
610 2 0 |a dary 
100 1 |a Čapková, Barbora